[Event "IND-ch U14 Girls 34th"]
[Site "Ahmedabad"]
[Date "2022.05.09"]
[Round "1"]
[White "Mrittika, Mallick"]
[Black "Sanivarapu, Hasini"]
[Result "1-0"]
[WhiteElo "1982"]
[BlackElo "1222"]
[PlyCount "63"]
[EventDate "2022.05.09"]
[EventType "swiss"]
[EventRounds "11"]
[EventCountry "IND"]
[SourceTitle "EXT 2023"]
[Source "ChessBase"]
[SourceDate "2022.10.05"]
[SourceVersion "1"]
[SourceVersionDate "2022.10.05"]
[SourceQuality "1"]

1. e4 d5 2. exd5 Nf6 3. d4 Nxd5 4. Nf3 g6 5. Be2 Bg7 6. 0-0 0-0 7. c3 Bf5 8. Qb3 Nb6 9. a4 a5 10. Bf4 Nc6 11. Na3 Nd5 12. Bg3 Rb8 13. Nb5 e5 14. dxe5 Be6 15. Bc4 Qd7 16. Rad1 Rbd8 17. h4 Nce7 18. Bxd5 Nxd5 19. c4 Qc6 20. Nfd4 Qb6 21. Nxe6 fxe6 22. cxd5 exd5 23. Rxd5 Qe6 24. Nxc7 Qf7 25. e6 Qe7 26. Bd6 Rxd6 27. Rxd6 Kh8 28. Rd7 Qxh4 29. e7 Rc8 30. Qf7 h5 31. e8Q+ Rxe8 32. Qxg7# 1-0